000
00323nam a22001457a 4500
008
210514b ||||| |||| 00| 0 eng d
020
_a
155766014
041
_a
eng
080
_a
159.9
082
_a
159.9
100
_a
48
101
_a
PSI
245
_a
Support for Caresgiving Families
_c
Singer,G.H
942
_2
udc
_c
BK
999
_c
57316
_d
57316